Drug Enforcement Administration : (Record no. 4385)

000 -LEADER
fixed length control field nam a22 a 4500
005 - DATE AND TIME OF LATEST TRANSACTION
control field 20170529150713.0
008 - FIXED-LENGTH DATA ELEMENTS--GENERAL INFORMATION
fixed length control field 170529b -us||||| |||| 00| 0 eng d
040 ## - CATALOGING SOURCE
Original cataloging agency AKMAL
082 ## - DEWEY DECIMAL CLASSIFICATION NUMBER
Classification number 613.83 DRU
090 ## - LOCALLY ASSIGNED LC-TYPE CALL NUMBER (OCLC); LOCAL CALL NUMBER (RLIN)
Classification number (OCLC) (R) ; Classification number, CALL (RLIN) (NR) 613.83
Local cutter number (OCLC) ; Book number/undivided call number, CALL (RLIN) DRU
245 10 - TITLE STATEMENT
Title Drug Enforcement Administration :
Remainder of title fact sheets /
260 ## - PUBLICATION, DISTRIBUTION, ETC.
Place of publication, distribution, etc. [Washington, D.C.] :
Name of publisher, distributor, etc. [U.S. Department of Justice, Drug Enforcement Administration, Office of Planning & Evaluation],
Date of publication, distribution, etc. [?]
300 ## - PHYSICAL DESCRIPTION
Extent 67 pages :
Other physical details col. ill.;
Dimensions 27 cm
610 14 - SUBJECT ADDED ENTRY--CORPORATE NAME
Corporate name or jurisdiction name as entry element United States.
Subordinate unit Drug Enforcement Administration.
9 (RLIN) 8548
650 10 - SUBJECT ADDED ENTRY--TOPICAL TERM
Topical term or geographic name entry element Drug control
Geographic subdivision United States
9 (RLIN) 8549
942 ## - ADDED ENTRY ELEMENTS (KOHA)
Source of classification or shelving scheme
Koha item type Book
950 ## - LOCAL HOLDINGS (RLIN)
Permanent shelving location, LOC (RLIN) AKMAL
Holdings
Withdrawn status Lost status Source of classification or shelving scheme Damaged status Not for loan Collection code Home library Current library Shelving location Date acquired Inventory number Total Checkouts Full call number Barcode Date last seen Price effective from Koha item type
          NON-FICTION AKMAL Melaka AKMAL Melaka RUJUKAN 29.05.2017 600510   613.83 DRU 201706464 29.05.2017 29.05.2017 Book
          NON-FICTION AKMAL Melaka AKMAL Melaka RUJUKAN 29.05.2017 600537   613.83 DRU 201706465 29.05.2017 29.05.2017 Book
Pusat Sumber Maklumat Dato' Haji Sarmin Md Hussin, Akademi Kastam Diraja Malaysia, Melaka
Tel: 06-2331106 | Faks: 06-2313787